<?xml version="1.0" encoding="UTF-8"?>
<record
    xmlns:xsi="http://www.w3.org/2001/XMLSchema-instance"
    xsi:schemaLocation="http://www.loc.gov/MARC21/slim http://www.loc.gov/standards/marcxml/schema/MARC21slim.xsd"
    xmlns="http://www.loc.gov/MARC21/slim">

  <leader>03630nam a2200541Ia 4500</leader>
  <controlfield tag="001">638</controlfield>
  <controlfield tag="008">241029s9999    xx            000 0 und d</controlfield>
  <datafield tag="010" ind1=" " ind2=" ">
    <subfield code="a">579</subfield>
  </datafield>
  <datafield tag="041" ind1=" " ind2=" ">
    <subfield code="a">Espa&#xF1;ol</subfield>
  </datafield>
  <datafield tag="082" ind1=" " ind2=" ">
    <subfield code="a">UCSD MGP 0012-2013</subfield>
  </datafield>
  <datafield tag="245" ind1=" " ind2="0">
    <subfield code="a">An&#xE1;lisis para la mejora de la calidad de la gesti&#xF3;n Institucional de la Escuela B&#xE1;sica Suiza del Distrito Educativo 10-02, Santo Domingo Norte. A&#xF1;o 2009-2010.</subfield>
  </datafield>
  <datafield tag="260" ind1=" " ind2=" ">
    <subfield code="a">Distrito Nacional</subfield>
  </datafield>
  <datafield tag="300" ind1=" " ind2=" ">
    <subfield code="a">33</subfield>
  </datafield>
  <datafield tag="520" ind1=" " ind2=" ">
    <subfield code="a">29</subfield>
  </datafield>
  <datafield tag="630" ind1=" " ind2=" ">
    <subfield code="a">Calidad Educativa</subfield>
  </datafield>
  <datafield tag="630" ind1=" " ind2=" ">
    <subfield code="a">Gesti&#xF3;n</subfield>
  </datafield>
  <datafield tag="650" ind1=" " ind2=" ">
    <subfield code="a">Calidad Educativa</subfield>
  </datafield>
  <datafield tag="690" ind1=" " ind2=" ">
    <subfield code="a">Elaborado</subfield>
  </datafield>
  <datafield tag="700" ind1=" " ind2=" ">
    <subfield code="e">asesor</subfield>
    <subfield code="a">Contreras, Jose Alberto</subfield>
  </datafield>
  <datafield tag="700" ind1=" " ind2=" ">
    <subfield code="e">autor</subfield>
    <subfield code="a">Henriquez, Juana Ramona</subfield>
  </datafield>
  <datafield tag="700" ind1=" " ind2=" ">
    <subfield code="e">autor</subfield>
    <subfield code="a">Avila Constancia, C&#xE9;sar</subfield>
  </datafield>
  <datafield tag="901" ind1=" " ind2=" ">
    <subfield code="a">{"1":"Henriquez","2":"Avila Constancia"}</subfield>
    <subfield code="b">{"1":"Juana Ramona","2":"C&#xE9;sar"}</subfield>
  </datafield>
  <datafield tag="902" ind1=" " ind2=" ">
    <subfield code="a">1</subfield>
  </datafield>
  <datafield tag="903" ind1=" " ind2=" ">
    <subfield code="a">{"1":"Contreras"}</subfield>
    <subfield code="b">{"1":"Jose Alberto"}</subfield>
  </datafield>
  <datafield tag="904" ind1=" " ind2=" ">
    <subfield code="a">Mag&#xED;ster en</subfield>
  </datafield>
  <datafield tag="905" ind1=" " ind2=" ">
    <subfield code="a">Gesti&#xF3;n y Planificaci&#xF3;n Educativa</subfield>
  </datafield>
  <datafield tag="906" ind1=" " ind2=" ">
    <subfield code="a">2</subfield>
  </datafield>
  <datafield tag="907" ind1=" " ind2=" ">
    <subfield code="a">NO APLICA</subfield>
  </datafield>
  <datafield tag="908" ind1=" " ind2=" ">
    <subfield code="a">NO APLICA</subfield>
  </datafield>
  <datafield tag="909" ind1=" " ind2=" ">
    <subfield code="a">Universidad Cat&#xF3;lica de Santo Domingo (UCSD)</subfield>
  </datafield>
  <datafield tag="910" ind1=" " ind2=" ">
    <subfield code="a">NULL</subfield>
    <subfield code="b">NULL</subfield>
  </datafield>
  <datafield tag="911" ind1=" " ind2=" ">
    <subfield code="a">["1"]</subfield>
  </datafield>
  <datafield tag="912" ind1=" " ind2=" ">
    <subfield code="a">NO APLICA</subfield>
  </datafield>
  <datafield tag="913" ind1=" " ind2=" ">
    <subfield code="a">NULL</subfield>
  </datafield>
  <datafield tag="914" ind1=" " ind2=" ">
    <subfield code="a">01 de Enero de 2013</subfield>
  </datafield>
  <datafield tag="915" ind1=" " ind2=" ">
    <subfield code="a">10/11/19 06:11</subfield>
  </datafield>
  <datafield tag="916" ind1=" " ind2=" ">
    <subfield code="a">NULL</subfield>
  </datafield>
  <datafield tag="917" ind1=" " ind2=" ">
    <subfield code="a">NULL</subfield>
  </datafield>
  <datafield tag="918" ind1=" " ind2=" ">
    <subfield code="a">NO APLICA</subfield>
  </datafield>
  <datafield tag="919" ind1=" " ind2=" ">
    <subfield code="a">["29","111"]</subfield>
  </datafield>
  <datafield tag="520" ind1=" " ind2=" ">
    <subfield code="a">Como objetivo principal la investigaci&#xF3;n propuso analizar la gesti&#xF3;n Institucional que se desarrolla en la Escuela B&#xE1;sica Suiza del Distrito 10-02 Santo Domingo Norte durante el per&#xED;odo escolar 2009-2010. Tambi&#xE9;n se plante&#xF3; determinar el cumplimiento de los horarios de la jornada laboral del personal docente y administrativo de la escuela y en ese mismo orden analizarlas tareas de los mismos. El tipo de investigaci&#xF3;n que se realiz&#xF3; fue exploratorio, ya que su intencionalidad se basa en la realizaci&#xF3;n de un primer acercamiento cualitativo. El universo que se estudi&#xF3; en esta investigaci&#xF3;n fue la Escuela B&#xE1;sica Suiza. Estuvo comprendido por diecinueve (19) personas tomadas como muestra para los resultados del estudio, distribuidas de la siguiente manera: personal docente diez (10), personal administrativo cuatro (4) y &#xA0;personal de apoyo cinco (5) en el cual se indag&#xF3; c&#xF3;mo es la gesti&#xF3;n Institucional del referido Centro Educativo. Los m&#xE9;todos de investigaci&#xF3;n fueron el m&#xE9;todo inductivo, m&#xE9;todo de an&#xE1;lisis y s&#xED;ntesis. Las t&#xE9;cnicas utilizadas para la obtenci&#xF3;n de los datos fueron una gu&#xED;a de observaci&#xF3;n, la entrevista y el cuestionario.Los datos arrojados en la investigaci&#xF3;n indicaron, que el nivel de puntualidad en el centro es bueno ya que todos cumplen con sus horarios. Esto se debe, seg&#xFA;n las observaciones, al buen ejemplo de la directora, que a su vez reconoce el esfuerzo de cada uno por mes. Cabe destacar que el nivel de inasistencia por parte de los estudiantes dificulta la labor trazada, tanto por el Ministerio de Educaci&#xF3;n, como por el centro. Se pudo notar que no existe una total satisfacci&#xF3;n en el trabajo que realizan las secretarias en el centro. Esto implica conflictos entre el personal, situaciones que afectan la gesti&#xF3;n del centro y tiene como resultado el bajo rendimiento de la funci&#xF3;n a realizar. Es notoria y evidente la limpieza, el ambiente seguro y ordenado del plantel pero existe un peque&#xF1;o fallo en cuanto al orden de los archivos y esto a su vez, hace que el trabajo a nivel de direcci&#xF3;n no se realice con la calidad que exige el Ministerio de Educaci&#xF3;n.</subfield>
  </datafield>
  <datafield tag="921" ind1=" " ind2=" ">
    <subfield code="a">16</subfield>
  </datafield>
  <datafield tag="922" ind1=" " ind2=" ">
    <subfield code="a">16</subfield>
  </datafield>
  <datafield tag="923" ind1=" " ind2=" ">
    <subfield code="a">0</subfield>
  </datafield>
  <datafield tag="924" ind1=" " ind2=" ">
    <subfield code="a">NO APLICA</subfield>
  </datafield>
  <datafield tag="942" ind1=" " ind2=" ">
    <subfield code="c">Tesis</subfield>
  </datafield>
  <datafield tag="999" ind1=" " ind2=" ">
    <subfield code="c">579</subfield>
    <subfield code="d">579</subfield>
  </datafield>
</record>
